Tudósok kitüntetése

Elmentve itt :
Bibliográfiai részletek
Dokumentumtípus: Cikk
Megjelent: 1968-12-20
Sorozat:Délmagyarország 58 No. 298
Kulcsszavak:Ábrahám Ambrus, Beretzk Péter, Kitüntetés Szeged 1968, kitüntetések
Online Access:http://dmarchiv.bibl.u-szeged.hu/61149
LEADER 00452nab a2200145 i 4500
001 delm61149
005 20180927144522.0
008 180927s1968 hu o 0|| hun d
040 |a SZTE Délmagyarország Archívum  |b hun 
041 |a hun 
245 0 0 |a Tudósok kitüntetése  |h [elektronikus dokumentum] 
260 |c 1968-12-20 
300 |a 5 
490 0 |a Délmagyarország  |v 58 No. 298 
695 |a Ábrahám Ambrus, Beretzk Péter, Kitüntetés Szeged 1968, kitüntetések